Detroit Tigers Players - Sudden Death - Statistics

General Stats
  • This quiz has been taken 68 times
  • The average score is 12 of 17
Answers on the Grid
Answers color-coded by a green-red scale on the quiz's grid according to % correct below.
Al Kaline
Alan Trammell
Bernie Williams
Carl Yastrzemski
Cecil Fielder
Chris Davis
Christy Mathewson
Craig Kimbrel
Devin Williams
Grady Sizemore
Grover Cleveland Alexander
Hank Greenberg
Ivan Rodriguez
Jason Kipnis
Javier Baez
Jonathan Scoop
Jose Abreu
Justin Verlander
Logan Webb
Lou Whitaker
Max Scherzer
Mickey Cochrane
Miguel Cabrera
Prince Fielder
Rey Ordonez
Riley Greene
Tarik Skubal
Torii Hunter
Ty Cobb
Wade Miley
 
Answer Stats
Answer % Correct
Al Kaline
92%
Alan Trammell
83%
Justin Verlander
81%
Javier Baez
77%
Tarik Skubal
77%
Max Scherzer
73%
Miguel Cabrera
71%
Riley Greene
69%
Cecil Fielder
67%
Hank Greenberg
67%
Ty Cobb
67%
Jonathan Scoop
65%
Prince Fielder
65%
Ivan Rodriguez
60%
Lou Whitaker
60%
Torii Hunter
50%
Mickey Cochrane
37%
No matching quizzes found
Score Distribution
Percent of People with Each Score
Percentile by Number Answered
Your Score History
You have not taken this quiz